| 000 | 00582 a2200205 4500 | ||
|---|---|---|---|
| 005 | 20250404110416.0 | ||
| 008 | 250404b |||||||| |||| 00| 0 eng d | ||
| 020 |
_a9789332518681 _cRs. 1360.00 |
||
| 040 | _aMAIN | ||
| 082 |
_a005.1 _bB832O(3) |
||
| 100 | _aBruegge, Bernd. | ||
| 245 | _aObject-oriented software engineering: Using UML, Patterns and Java | ||
| 250 | _a3rd | ||
| 260 |
_bPearson India Education Services _aNoida _c2025 |
||
| 300 | _a723 | ||
| 650 | _aComputer Science | ||
| 650 | _aOriented Software Engineering | ||
| 700 | _aDutoit, Allen H | ||
| 942 | _cBK | ||
| 999 |
_c386656 _d386656 |
||